| 000 | 00486pam a2200181 i 4500 | ||
|---|---|---|---|
| 001 | 1807665 | ||
| 005 | 20250224175645.0 | ||
| 008 | 790723s1979 tnua 000 0 eng | ||
| 020 | _a0840757093 | ||
| 050 | 0 | 0 |
_aBV2082.R3 _bF73 |
| 082 | 0 | 0 | _a266./023 |
| 100 | 1 | _aFreed, Paul E. | |
| 245 | 1 | 0 |
_aTowers to eternity/ _cby Paul E. Freed. |
| 260 |
_aNashville : _bSceptre Books, _cc1979. |
||
| 300 |
_a200 p. : _bill. ; _c21 cm. |
||
| 650 | 0 | _aRadio in missionary work. | |
| 942 |
_2lcc _cBK _n0 |
||
| 999 |
_c4273 _d4273 |
||